| 000 | 00734nam a22002537a 4500 | ||
|---|---|---|---|
| 003 | UA-OsUOA | ||
| 001 | 31902 | ||
| 007 | ta | ||
| 008 | 20050114b un ||||| |||| 00| 0 ukr d | ||
| 100 | _aКуропась Мирон | ||
| 090 |
_a94(477)15 _bК93 |
||
| 942 | _cBK | ||
| 040 |
_aUA-OsUOA _bukr _cUA-OsUOA _dUA-OsUOA |
||
| 245 | _aУкраїнсько-американська твердиня. Перші сто років Українського Народного Союзу | ||
| 300 | _a682 с. | ||
| 955 | _a0 | ||
| 041 | _aukr | ||
| 080 | _a94(477)15 | ||
| 020 | _a966-7631-77-Х | ||
| 260 |
_aОстрог _bВид. "Острозька акдемія" _c2004 |
||
| 044 | _aUA | ||
| 650 | 7 | _2UDC | |
| 999 |
_c318337 _d318337 |
||